[Event "Hommage a Robert Pilon"]
[Site "Gatineau CAN"]
[Date "2005.11.15"]
[Round "5"]
[White "Laferriere, Bruno"]
[Black "Pepin, Christian"]
[Result "0-1"]
[WhiteElo "1694"]
[BlackElo "2104"]
[PlyCount "60"]
[GameId "2160767910834325"]
[EventDate "2005.10.18"]
[EventType "swiss"]
[EventRounds "5"]
[EventCountry "CAN"]

1. d4 f5 2. Nf3 Nf6 3. c4 e6 4. Nc3 d5 5. e3 Be7 6. Be2 O-O 7. Qc2 c6 8. h3 Ne4 9. a3 Bd7 10. Ne5 Bd6 11. Nxe4 fxe4 12. Nxd7 Nxd7 13. Bg4 Qe7 14. b3 h5 15. Bxh5 Qh4 16. Bf3 exf3 17. g3 Qe4 18. Qc3 Nf6 19. Bb2 a5 20. O-O-O a4 21. b4 dxc4 22. d5 exd5 23. Rd4 Be5 24. Rhd1 Bxd4 25. Rxd4 Qe7 26. Rh4 Ne4 27. Qc2 Rf7 28. Bd4 Qg5 29. Qb2 c3 30. Qc2 Re8 0-1

[Event "Hommage a Robert Pilon"]
[Site "Gatineau CAN"]
[Date "2005.11.15"]
[Round "5"]
[White "Laurin, Marcel"]
[Black "Guimond, Michel"]
[Result "1-0"]
[WhiteElo "1708"]
[BlackElo "1819"]
[PlyCount "63"]
[GameId "2160767910834326"]
[EventDate "2005.10.18"]
[EventType "swiss"]
[EventRounds "5"]
[EventCountry "CAN"]

1. d4 g6 2. c4 Bg7 3. Nc3 d6 4. e4 Nd7 5. Be3 c6 6. Bd3 e5 7. d5 c5 8. Nge2 Nh6 9. f3 f5 10. Bxh6 Bxh6 11. exf5 gxf5 12. Bxf5 Qg5 13. Ng3 Nf6 14. Nb5 O-O 15. Nxd6 Nh5 16. Bxc8 Raxc8 17. Nxc8 Qh4 18. Ne7+ Kh8 19. Qe2 Bf4 20. Kf2 e4 21. Kg1 exf3 22. gxf3 Bd6 23. Nef5 Nxg3 24. hxg3 Qg5 25. Nxd6 Qxg3+ 26. Qg2 Qxd6 27. Qh2 Qg6+ 28. Qg2 Qd3 29. Rh3 Qd4+ 30. Kh1 Qxc4 31. Rg1 Qd4 32. Rxh7+ 1-0

[Event "Hull CC XXVI anniversaire A"]
[Site "Gatineau CAN"]
[Date "2005.09.13"]
[Round "1"]
[White "Gagnon, Fabien"]
[Black "Arsenault, Michel"]
[Result "1/2-1/2"]
[WhiteElo "2014"]
[BlackElo "2030"]
[PlyCount "100"]
[GameId "2160767910900209"]
[EventDate "2005.09.13"]
[EventType "swiss"]
[EventRounds "5"]
[EventCountry "CAN"]

1. d4 Nf6 2. g3 e6 3. Bg2 c5 4. Nf3 cxd4 5. Nxd4 d5 6. O-O Be7 7. c4 O-O 8. cxd5 exd5 9. Nc3 Nc6 10. Nb3 Be6 11. Bg5 Ne4 12. Bxe4 dxe4 13. Qxd8 Bxd8 14. Bxd8 Rfxd8 15. Nxe4 Bxb3 16. axb3 Nd4 17. e3 Nxb3 18. Ra3 Nd2 19. Nxd2 Rxd2 20. Rb3 b6 21. Ra1 g6 22. Rc1 Rad8 23. Rc7 Rd1+ 24. Kg2 R8d7 25. Rbc3 Rxc7 26. Rxc7 Rd2 27. Rxa7 Rxb2 28. Rb7 Kg7 29. e4 Kf6 30. h4 h5 31. Kf3 b5 32. Ke3 b4 33. f3 Rb1 34. Kf4 b3 35. Rb6+ Ke7 36. Ke5 b2 37. Rb7+ Ke8 38. Rb6 Rg1 39. Rxb2 Rxg3 40. f4 Rg4 41. f5 gxf5 42. exf5 Rxh4 43. Kf6 Rd4 44. Rh2 h4 45. Kg5 Kf8 46. Rxh4 Rxh4 47. Kxh4 Kg8 48. Kg5 Kg7 49. f6+ Kg8 50. Kh6 Kh8 1/2-1/2

[Event "Hull CC XXVI anniversaire A"]
[Site "Gatineau CAN"]
[Date "2005.09.20"]
[Round "2"]
[White "Mai, Lloyd"]
[Black "Gagnon, Fabien"]
[Result "0-1"]
[WhiteElo "2018"]
[BlackElo "2014"]
[PlyCount "74"]
[GameId "2160767910900210"]
[EventDate "2005.09.13"]
[EventType "swiss"]
[EventRounds "5"]
[EventCountry "CAN"]

1. e4 g6 2. d4 Bg7 3. Nc3 d6 4. Nf3 a6 5. Be3 b5 6. a3 Nd7 7. g3 Bb7 8. Bg2 Ngf6 9. Nd2 O-O 10. f4 c5 11. O-O Ng4 12. Qxg4 cxd4 13. Bf2 dxc3 14. bxc3 Bxc3 15. Rad1 Nf6 16. Qe2 Qc7 17. Nb3 Rac8 18. f5 Qc4 19. Qxc4 Rxc4 20. fxg6 hxg6 21. e5 Bxg2 22. Kxg2 Bxe5 23. Rd2 Ne4 24. Re2 Nxf2 25. Rfxf2 Ra4 26. Nc5 Rxa3 27. Nd7 Rc8 28. Nxe5 dxe5 29. Rxe5 e6 30. Rd2 Rac3 31. Ree2 a5 32. Kf1 a4 33. Re5 Rxc2 34. Rxc2 Rxc2 35. Rxb5 a3 36. Ra5 a2 37. Ke1 Rc1+ 0-1

[Event "Hull CC XXVI anniversaire A"]
[Site "Gatineau CAN"]
[Date "2005.09.27"]
[Round "3"]
[White "Gagnon, Fabien"]
[Black "Brousseau, Yvan"]
[Result "1-0"]
[WhiteElo "2014"]
[BlackElo "2050"]
[PlyCount "79"]
[GameId "2160767910900211"]
[EventDate "2005.09.13"]
[EventType "swiss"]
[EventRounds "5"]
[EventCountry "CAN"]

1. e4 g6 2. d4 Bg7 3. Nc3 d6 4. Be3 Nf6 5. Qd2 Nc6 6. Bb5 Bd7 7. Bxc6 bxc6 8. Bh6 O-O 9. h4 Nh5 10. Nge2 Re8 11. f3 Bh8 12. g4 Nf6 13. h5 e5 14. hxg6 fxg6 15. O-O-O exd4 16. Nxd4 Rb8 17. Bg5 Qe7 18. Rh2 Rf8 19. Rdh1 Rf7 20. Qd3 Qe8 21. Nde2 Qe5 22. f4 Qc5 23. Bxf6 Bxf6 24. g5 Bh8 25. f5 Be5 26. Rh6 gxf5 27. g6 hxg6 28. Qh3 Qb4 29. Rh8+ Kg7 30. Rh7+ Kg8 31. Qh6 Rg7 32. Rxg7+ Bxg7 33. Qxg6 Qxb2+ 34. Kd2 Rf8 35. Qh7+ Kf7 36. exf5 Ke8 37. Qxg7 Bxf5 38. Nd4 Bxc2 39. Nxc2 Rf2+ 40. Ke3 1-0

[Event "Hull CC XXVI anniversaire A"]
[Site "Gatineau CAN"]
[Date "2005.10.04"]
[Round "4"]
[White "Desjardins, Michel"]
[Black "Gagnon, Fabien"]
[Result "0-1"]
[WhiteElo "1900"]
[BlackElo "2014"]
[PlyCount "122"]
[GameId "2160767910900212"]
[EventDate "2005.09.13"]
[EventType "swiss"]
[EventRounds "5"]
[EventCountry "CAN"]

1. e4 g6 2. d4 Bg7 3. Nc3 d6 4. Be3 a6 5. Qd2 b5 6. f3 Nd7 7. Bd3 c5 8. d5 Qc7 9. a3 Nb6 10. h4 h6 11. g4 Bd7 12. Nh3 Nc4 13. Bxc4 bxc4 14. Nd1 Rb8 15. c3 Ba4 16. Nhf2 Nf6 17. Qe2 Nd7 18. f4 h5 19. gxh5 gxh5 20. Rg1 Bf6 21. Rh1 Bb3 22. Bc1 Qa5 23. Bd2 Kd8 24. Ne3 Kc7 25. Nfd1 Nb6 26. Nf5 Nd7 27. Nde3 Qa4 28. Ng3 Bc2 29. Nxc4 Rbg8 30. Kf2 Rh7 31. Rag1 Rhg7 32. Nf5 Rxg1 33. Rxg1 Rxg1 34. Kxg1 Bb3 35. Nce3 Qxe4 36. Qxa6 Bxd5 37. Nxd5+ Qxd5 38. c4 Qxd2 39. Qa7+ Kc8 40. Qa6+ Kb8 41. Qb5+ Kc7 42. b4 Qc1+ 43. Kh2 Qxf4+ 44. Ng3 Qf2+ 45. Kh3 cxb4 46. axb4 Qb6 47. Qxh5 Qxb4 48. Qxf7 Ne5 49. Qd5 Qxc4 50. Qa5+ Kd7 51. Qa7+ Ke6 52. Qe3 Qxh4+ 53. Kg2 Kf7 54. Qb3+ Qc4 55. Qd1 Ng4 56. Qf3 Qc2+ 57. Ne2 Qg6 58. Ng3 Ne5 59. Qd5+ Kg7 60. Kh3 Qg4+ 61. Kg2 Bh4 0-1

[Event "Hull CC XXVI anniversaire A"]
[Site "Gatineau CAN"]
[Date "2005.10.11"]
[Round "5"]
[White "Gagnon, Fabien"]
[Black "Pepin, Christian"]
[Result "0-1"]
[WhiteElo "2014"]
[BlackElo "2011"]
[PlyCount "94"]
[GameId "2160767910900213"]
[EventDate "2005.09.13"]
[EventType "swiss"]
[EventRounds "5"]
[EventCountry "CAN"]

1. e4 c6 2. d4 d5 3. exd5 cxd5 4. Bd3 Nc6 5. c3 Nf6 6. Bf4 Bg4 7. Qb3 Qc8 8. Nd2 e6 9. Ngf3 Bh5 10. O-O Be7 11. Ne5 Bd6 12. Qa4 Bxe5 13. dxe5 Nd7 14. Bg3 Bg6 15. Bxg6 hxg6 16. c4 O-O 17. cxd5 exd5 18. f4 Nb6 19. Qd1 Nc4 20. Nxc4 dxc4 21. Qe1 Qe6 22. Bf2 Rfc8 23. Be3 b5 24. Rd1 Rd8 25. Qh4 Rxd1 26. Rxd1 c3 27. bxc3 Qxa2 28. Qg4 Qc4 29. Qf3 a5 30. Bf2 Rc8 31. Rd5 a4 32. Rc5 Qb3 33. Qd3 Rd8 34. Qe2 a3 35. Rxc6 Ra8 36. Be1 a2 37. Qg4 Rd8 38. Rd6 Ra8 39. Rc6 f5 40. exf6 Re8 41. Qxg6 Qf7 42. Qxf7+ Kxf7 43. Rc7+ Kf8 44. fxg7+ Kg8 45. Ra7 Rxe1+ 46. Kf2 a1=Q 47. Rxa1 Rxa1 0-1

[Event "Hull CC ch A"]
[Site "Gatineau CAN"]
[Date "2005.02.08"]
[Round "1"]
[White "Desjardins, Michel"]
[Black "Arsenault, Michel"]
[Result "1/2-1/2"]
[WhiteElo "1862"]
[BlackElo "2022"]
[PlyCount "95"]
[GameId "2160767911031325"]
[EventDate "2005.02.08"]
[EventType "tourn"]
[EventRounds "5"]
[EventCountry "CAN"]
[SourceTitle "EXT 2022"]
[Source "ChessBase"]
[SourceDate "2021.10.06"]
[SourceVersion "1"]
[SourceVersionDate "2021.10.06"]
[SourceQuality "1"]

1. e4 c5 2. Nc3 Nc6 3. g3 g6 4. Bg2 Bg7 5. d3 d6 6. Be3 e5 7. Qd2 Be6 8. Nge2 Nge7 9. Bh6 O-O 10. h4 f6 11. Bxg7 Kxg7 12. f4 Bg4 13. h5 gxh5 14. f5 Rf7 15. O-O-O Qa5 16. Rdf1 b5 17. Bf3 Bxf3 18. Rxf3 Nd4 19. Rf2 b4 20. Nxd4 cxd4 21. Nb1 Rc8 22. Rxh5 Kh8 23. Rfh2 Rg8 24. Qe1 Qc5 25. Qh1 Rgg7 26. g4 Ng8 27. Qf3 a5 28. Nd2 a4 29. Nc4 b3 30. a3 Rd7 31. g5 Rxg5 32. Rxg5 fxg5 33. f6 Qc7 34. Qf5 Rf7 35. Qxg5 Rxf6 36. cxb3 axb3 37. Kd2 Qf7 38. Ke2 Rg6 39. Qd8 Qf4 40. Rf2 Qg4+ 41. Kd2 Qg1 42. Ke2 Qb1 43. Qb8 Qc2+ 44. Nd2 Qxb2 45. Qxb3 Qxb3 46. Nxb3 Rg7 47. Na5 Ra7 48. Nc4 1/2-1/2

[Event "Hull CC ch A"]
[Site "Gatineau CAN"]
[Date "2005.02.08"]
[Round "1"]
[White "Gagnon, Fabien"]
[Black "Brousseau, Yvan"]
[Result "0-1"]
[WhiteElo "2027"]
[BlackElo "2039"]
[PlyCount "54"]
[GameId "2160767911031326"]
[EventDate "2005.02.08"]
[EventType "tourn"]
[EventRounds "5"]
[EventCountry "CAN"]
[SourceTitle "EXT 2022"]
[Source "ChessBase"]
[SourceDate "2021.10.06"]
[SourceVersion "1"]
[SourceVersionDate "2021.10.06"]
[SourceQuality "1"]

1. d4 Nf6 2. Nf3 e6 3. e3 d5 4. Bd3 Bd6 5. Nbd2 Nbd7 6. O-O e5 7. e4 dxe4 8. Nxe4 Nxe4 9. Bxe4 exd4 10. Bg5 f6 11. Qxd4 fxg5 12. Bd5 Qf6 13. Rfe1+ Kd8 14. Qd2 h6 15. Re6 Qf4 16. Qe2 Nf6 17. g3 Qf5 18. Rxd6+ cxd6 19. Bf7 Rf8 20. Nd4 Qe5 21. Qc4 d5 22. Qc3 Qc7 23. Qxc7+ Kxc7 24. Bg6 Bd7 25. Re1 Kd6 26. b3 Ng4 27. f3 Ne5 0-1

[Event "Hull CC ch A"]
[Site "Gatineau CAN"]
[Date "2005.02.08"]
[Round "1"]
[White "Laurin, Jacques"]
[Black "Pepin, Christian"]
[Result "0-1"]
[WhiteElo "1924"]
[BlackElo "2030"]
[PlyCount "66"]
[GameId "2160767911031327"]
[EventDate "2005.02.08"]
[EventType "tourn"]
[EventRounds "5"]
[EventCountry "CAN"]
[SourceTitle "EXT 2022"]
[Source "ChessBase"]
[SourceDate "2021.10.06"]
[SourceVersion "1"]
[SourceVersionDate "2021.10.06"]
[SourceQuality "1"]

1. c4 f5 2. Nf3 Nf6 3. Nc3 e6 4. d4 d5 5. Bf4 c6 6. Ne5 Be7 7. e3 O-O 8. Be2 Ne4 9. Nxe4 dxe4 10. Qd2 Nd7 11. f3 exf3 12. gxf3 Bh4+ 13. Kd1 Bf6 14. Nd3 Qe7 15. Bc7 e5 16. d5 Nb6 17. d6 Qe8 18. Nc5 Nd7 19. Nxd7 Bxd7 20. Kc2 Bd8 21. Bxd8 Rxd8 22. Rhg1 b6 23. b4 Rf6 24. c5 Be6 25. Qc3 Rd7 26. f4 Rh6 27. Qxe5 Rxh2 28. Rae1 bxc5 29. Qxc5 Qf8 30. Qe5 Bc4 31. Kc3 Bxe2 32. Rg5 Bg4 33. Rg1 Rh6 0-1

[Event "Hull CC ch A"]
[Site "Gatineau CAN"]
[Date "2005.02.15"]
[Round "2"]
[White "Laurin, Jacques"]
[Black "Gagnon, Fabien"]
[Result "1/2-1/2"]
[WhiteElo "1924"]
[BlackElo "2027"]
[PlyCount "112"]
[GameId "2160767911031328"]
[EventDate "2005.02.08"]
[EventType "tourn"]
[EventRounds "5"]
[EventCountry "CAN"]
[SourceTitle "EXT 2022"]
[Source "ChessBase"]
[SourceDate "2021.10.06"]
[SourceVersion "1"]
[SourceVersionDate "2021.10.06"]
[SourceQuality "1"]

1. c4 g6 2. Nc3 Bg7 3. g3 e5 4. Bg2 Ne7 5. Nf3 c5 6. d3 Nbc6 7. Ng5 d6 8. Nge4 O-O 9. Bg5 f6 10. Bd2 a6 11. Qc1 Nd4 12. e3 Ne6 13. Ne2 Rb8 14. N4c3 b5 15. cxb5 axb5 16. Nd5 Bb7 17. Nec3 b4 18. Nxe7+ Qxe7 19. Nd5 Qf7 20. O-O Ba6 21. Qc2 f5 22. Qb3 Kh8 23. a3 bxa3 24. Qxa3 Bb5 25. Rfc1 e4 26. dxe4 fxe4 27. Be1 Bd3 28. Ra2 Qb7 29. Nf4 Nxf4 30. exf4 Qd5 31. Bc3 Bd4 32. Bxd4+ Qxd4 33. Qc3 Rb4 34. Ra7 Rfb8 35. h3 Rc4 36. Qxd4+ Rxd4 37. Rd7 Rxb2 38. Rc3 Ra2 39. g4 Rb4 40. Rxd6 c4 41. f5 gxf5 42. gxf5 Kg7 43. Kh2 Rbb2 44. Bxe4 Bxe4 45. Rxc4 Rxf2+ 46. Kg3 Rf3+ 47. Kh4 Ra7 48. Rxe4 Rxf5 49. Rg4+ Kf7 50. Rh6 Ra3 51. Rxh7+ Kf6 52. Rh6+ Kf7 53. Rb4 Rff3 54. Rb7+ Kg8 55. Kg4 Rg3+ 56. Kf4 Rgf3+ 1/2-1/2

[Event "Hull CC ch A"]
[Site "Gatineau CAN"]
[Date "2005.02.15"]
[Round "2"]
[White "Pepin, Christian"]
[Black "Arsenault, Michel"]
[Result "0-1"]
[WhiteElo "2030"]
[BlackElo "2022"]
[PlyCount "72"]
[GameId "2160767911031329"]
[EventDate "2005.02.08"]
[EventType "tourn"]
[EventRounds "5"]
[EventCountry "CAN"]
[SourceTitle "EXT 2022"]
[Source "ChessBase"]
[SourceDate "2021.10.06"]
[SourceVersion "1"]
[SourceVersionDate "2021.10.06"]
[SourceQuality "1"]

1. e4 c5 2. Nc3 Nc6 3. g3 g6 4. Bg2 Bg7 5. f4 d6 6. Nf3 e6 7. O-O Nge7 8. d3 O-O 9. Rb1 Rb8 10. Ne2 d5 11. c3 b6 12. Be3 Ba6 13. e5 Nf5 14. Bf2 d4 15. b4 cxb4 16. cxb4 b5 17. Qd2 Qb6 18. Rfc1 Bb7 19. g4 Ne3 20. Nexd4 Nxd4 21. Nxd4 Nxg2 22. Nc6 Qxc6 23. Rxc6 Bxc6 24. Rc1 Ba8 25. Bc5 Nh4 26. Kf2 Rfd8 27. Bd6 Rb7 28. Kg3 g5 29. f5 h6 30. fxe6 fxe6 31. Rf1 Ng6 32. Qe3 Rbd7 33. d4 Rc8 34. Rc1 Rxc1 35. Qxc1 Bb7 36. a4 Rf7 0-1

[Event "Hull CC ch A"]
[Site "Gatineau CAN"]
[Date "2005.02.22"]
[Round "3"]
[White "Gagnon, Fabien"]
[Black "Pepin, Christian"]
[Result "1-0"]
[WhiteElo "2027"]
[BlackElo "2030"]
[PlyCount "61"]
[GameId "2160767911031330"]
[EventDate "2005.02.08"]
[EventType "tourn"]
[EventRounds "5"]
[EventCountry "CAN"]
[SourceTitle "EXT 2022"]
[Source "ChessBase"]
[SourceDate "2021.10.06"]
[SourceVersion "1"]
[SourceVersionDate "2021.10.06"]
[SourceQuality "1"]

1. Nf3 c5 2. e3 Nc6 3. d4 d5 4. Nbd2 cxd4 5. exd4 Bg4 6. c3 e6 7. Qa4 Bd6 8. Ne5 Bxe5 9. dxe5 Bf5 10. Nf3 Nge7 11. Nd4 O-O 12. f4 Nxd4 13. Qxd4 Nc6 14. Qf2 d4 15. Bd2 Qb6 16. b3 dxc3 17. Bxc3 Nb4 18. Bxb4 Qxb4+ 19. Qd2 Qe4+ 20. Kf2 Rac8 21. Be2 Rc2 22. Qe3 Rxe2+ 23. Qxe2 Qxf4+ 24. Qf3 Qxe5 25. Rae1 Qf6 26. Re3 Rb8 27. Rd1 Bg4 28. Qxf6 gxf6 29. Rg3 h5 30. h3 Rc8 31. Rd2 1-0

[Event "Hull CC ch A"]
[Site "Gatineau CAN"]
[Date "2005.03.01"]
[Round "4"]
[White "Gagnon, Fabien"]
[Black "Desjardins, Michel"]
[Result "1-0"]
[WhiteElo "2027"]
[BlackElo "1862"]
[PlyCount "81"]
[GameId "2160767911031331"]
[EventDate "2005.02.08"]
[EventType "tourn"]
[EventRounds "5"]
[EventCountry "CAN"]
[SourceTitle "EXT 2022"]
[Source "ChessBase"]
[SourceDate "2021.10.06"]
[SourceVersion "1"]
[SourceVersionDate "2021.10.06"]
[SourceQuality "1"]

1. Nf3 d5 2. g3 Nf6 3. Bg2 c6 4. O-O Bg4 5. b3 Nbd7 6. Bb2 Qc7 7. d3 e5 8. Nbd2 Bd6 9. h3 Bh5 10. Qe1 Bg6 11. e4 dxe4 12. dxe4 O-O 13. Nh4 Nb6 14. a4 a5 15. Nxg6 hxg6 16. Qe2 Rfe8 17. Nc4 Nxc4 18. Qxc4 Rad8 19. Bc3 Nd7 20. Rfd1 Nf8 21. b4 axb4 22. Bxb4 Bxb4 23. Qxb4 Rxd1+ 24. Rxd1 Rd8 25. Rxd8 Qxd8 26. Qxb7 Qd1+ 27. Bf1 Qxc2 28. a5 Ne6 29. Qb8+ Kh7 30. Qxe5 Nc5 31. a6 Nxe4 32. Qf4 Nd2 33. a7 g5 34. Qxd2 Qxd2 35. a8=Q Qc1 36. Qe8 f5 37. Qe3 Qb1 38. Qd3 Qc1 39. Qxf5+ g6 40. Qf7+ Kh6 41. Qc4 1-0

[Event "Hull CC ch A"]
[Site "Gatineau CAN"]
[Date "2005.03.01"]
[Round "4"]
[White "Pepin, Christian"]
[Black "Brousseau, Yvan"]
[Result "0-1"]
[WhiteElo "2030"]
[BlackElo "2049"]
[PlyCount "44"]
[GameId "2160767911031332"]
[EventDate "2005.02.08"]
[EventType "tourn"]
[EventRounds "5"]
[EventCountry "CAN"]
[SourceTitle "EXT 2022"]
[Source "ChessBase"]
[SourceDate "2021.10.06"]
[SourceVersion "1"]
[SourceVersionDate "2021.10.06"]
[SourceQuality "1"]

1. e4 Nf6 2. e5 Nd5 3. d4 d6 4. c4 Nb6 5. f4 dxe5 6. fxe5 Nc6 7. Be3 Bf5 8. Nc3 Qd7 9. Nf3 Bg4 10. Qd2 O-O-O 11. O-O-O f6 12. e6 Qxe6 13. d5 Qf7 14. c5 Nxd5 15. Nxd5 e6 16. Bb5 Rxd5 17. Qc2 Qh5 18. Bc4 Bxc5 19. Rxd5 Bxe3+ 20. Rd2 Rd8 21. Qe4 Bxd2+ 22. Nxd2 e5 0-1

[Event "Hull CC ch A"]
[Site "Gatineau CAN"]
[Date "2005.03.08"]
[Round "5"]
[White "Arsenault, Michel"]
[Black "Gagnon, Fabien"]
[Result "1/2-1/2"]
[WhiteElo "2022"]
[BlackElo "2027"]
[PlyCount "144"]
[GameId "2160767911031333"]
[EventDate "2005.02.08"]
[EventType "tourn"]
[EventRounds "5"]
[EventCountry "CAN"]
[SourceTitle "EXT 2022"]
[Source "ChessBase"]
[SourceDate "2021.10.06"]
[SourceVersion "1"]
[SourceVersionDate "2021.10.06"]
[SourceQuality "1"]

1. c4 g6 2. g3 Bg7 3. Bg2 c5 4. e3 Nc6 5. Ne2 Nh6 6. Nbc3 Nf5 7. O-O O-O 8. b3 a6 9. Rb1 Rb8 10. Bb2 b5 11. d3 bxc4 12. dxc4 Ne5 13. e4 Nd4 14. Na4 Ne6 15. Qd2 d6 16. Rfd1 Bd7 17. f4 Nxc4 18. bxc4 Bxa4 19. Re1 Bxb2 20. Rxb2 Rxb2 21. Qxb2 Bc6 22. Rb1 Qa8 23. Nc3 Nd4 24. Qb6 Kg7 25. Qc7 Qd8 26. Qxd8 Rxd8 27. Rb6 Ra8 28. Nd5 Bxd5 29. exd5 Ra7 30. Kf2 a5 31. a4 Kf6 32. Bh3 g5 33. Bc8 h5 34. fxg5+ Kxg5 35. h4+ Kf6 36. Rb8 e6 37. Bb7 Ke5 38. Ba8 Nf5 39. dxe6 fxe6 40. Bf3 Rg7 41. Bxh5 Rxg3 42. Bf3 Rh3 43. Bc6 Rxh4 44. Ra8 Rf4+ 45. Ke1 Rxc4 46. Rxa5 Nd4 47. Be8 Rc2 48. Ra8 Kd5 49. a5 Ra2 50. a6 c4 51. Bg6 c3 52. Rc8 Ra1+ 53. Kf2 Rxa6 54. Rxc3 Ra2+ 55. Ke1 Rh2 56. Be8 Nf5 57. Bf7 Ke5 58. Be8 d5 59. Ra3 Kf4 60. Bf7 Nd4 61. Ra4 Re2+ 62. Kd1 Re4 63. Bg6 Nf5 64. Ra8 d4 65. Rd8 Ke3 66. Rh8 Rg4 67. Rh3+ Ng3 68. Be8 d3 69. Bd7 Rg6 70. Bxe6 Rxe6 71. Rxg3+ Kd4 72. Rg5 Re4 1/2-1/2

[Event "Hull CC ch B"]
[Site "Gatineau CAN"]
[Date "2005.02.08"]
[Round "1"]
[White "Lacourse, Guy"]
[Black "Kennedy, Phillip"]
[Result "1-0"]
[WhiteElo "1682"]
[BlackElo "1403"]
[PlyCount "71"]
[GameId "2160767911031334"]
[EventDate "2005.02.08"]
[EventType "swiss"]
[EventRounds "5"]
[EventCountry "CAN"]

1. Nf3 Nf6 2. g3 e6 3. Bg2 d5 4. d4 Bd6 5. O-O O-O 6. b3 Nc6 7. c4 dxc4 8. bxc4 b6 9. Ne5 Nxe5 10. Bxa8 Nxc4 11. Qc2 Ba6 12. Bf3 e5 13. Rd1 Qe7 14. Qa4 e4 15. Qxa6 exf3 16. Qxc4 Qxe2 17. Qxe2 fxe2 18. Re1 Re8 19. Be3 c5 20. Nc3 cxd4 21. Bxd4 Bb4 22. Rxe2 Rd8 23. Bxf6 gxf6 24. Rd1 Rxd1+ 25. Nxd1 Kf8 26. Ne3 Bc5 27. Nf5 a5 28. a4 h5 29. Re4 Kg8 30. Rh4 Kh7 31. Rxh5+ Kg6 32. g4 Bf8 33. h4 b5 34. axb5 a4 35. Rh8 Bc5 36. Rh6# 1-0

[Event "Hull CC ch B"]
[Site "Gatineau CAN"]
[Date "2005.02.08"]
[Round "1"]
[White "Libersan, Mattieu"]
[Black "Maisonneuve, Paul"]
[Result "1-0"]
[WhiteElo "1872"]
[BlackElo "1526"]
[PlyCount "57"]
[GameId "2160767911031335"]
[EventDate "2005.02.08"]
[EventType "swiss"]
[EventRounds "5"]
[EventCountry "CAN"]
[SourceTitle "EXT 2022"]
[Source "ChessBase"]
[SourceDate "2021.10.06"]
[SourceVersion "1"]
[SourceVersionDate "2021.10.06"]
[SourceQuality "1"]

1. e4 d6 2. d4 Nf6 3. Nc3 g6 4. Bc4 Bg7 5. Qe2 e5 6. Nf3 Bg4 7. dxe5 dxe5 8. Bxf7+ Kxf7 9. Nxe5+ Ke7 10. Nxg4 Re8 11. Bg5 h6 12. Nd5+ Kf7 13. Bxf6 Qxd5 14. exd5 Rxe2+ 15. Kxe2 Bxf6 16. Nxf6 Kxf6 17. Rhe1 Nd7 18. Kf1 Rd8 19. Re6+ Kf7 20. Rae1 Nf6 21. Re7+ Kf8 22. c4 c6 23. Rxb7 cxd5 24. Ree7 Ne4 25. cxd5 Nd2+ 26. Ke2 Nc4 27. b3 Na5 28. Rxa7 Nc6 29. dxc6 1-0

[Event "Hull CC ch B"]
[Site "Gatineau CAN"]
[Date "2005.02.15"]
[Round "2"]
[White "Lacourse, Guy"]
[Black "Arseneau, Peter"]
[Result "0-1"]
[WhiteElo "1682"]
[BlackElo "1887"]
[PlyCount "122"]
[GameId "2160767911031336"]
[EventDate "2005.02.08"]
[EventType "swiss"]
[EventRounds "5"]
[EventCountry "CAN"]
[SourceTitle "EXT 2022"]
[Source "ChessBase"]
[SourceDate "2021.10.06"]
[SourceVersion "1"]
[SourceVersionDate "2021.10.06"]
[SourceQuality "1"]

1. d4 Nf6 2. Nf3 g6 3. g3 Bg7 4. Bg2 O-O 5. O-O d5 6. b3 Nc6 7. Bb2 h6 8. Nbd2 Be6 9. Ne5 Nxe5 10. dxe5 Nd7 11. f4 c6 12. Nf3 Nc5 13. Nd4 Bg4 14. h3 Bd7 15. e3 Qb6 16. a4 Rad8 17. a5 Qc7 18. Ba3 b6 19. g4 Rfe8 20. Nf3 Ne4 21. Qe1 f6 22. Bb2 Kh7 23. axb6 axb6 24. Rc1 Ra8 25. Ra1 Ra7 26. Qb4 c5 27. Rxa7 Qxa7 28. Qe1 Bb5 29. Qa1 Ra8 30. Qxa7 Rxa7 31. Ra1 Rxa1+ 32. Bxa1 Be2 33. Ne1 f5 34. Bxe4 fxe4 35. Kf2 Bd1 36. Bc3 h5 37. Kg3 e6 38. b4 Bf8 39. bxc5 bxc5 40. Bd2 Be7 41. g5 Bd8 42. h4 Bb6 43. Kf2 Kg7 44. Kg3 Kf7 45. Kf2 Ke7 46. Bc3 Kd7 47. Bd2 Kc6 48. Bc3 Kb5 49. Bd2 Kc4 50. f5 exf5 51. e6 Bd8 52. Ba5 Be7 53. Bc7 d4 54. Be5 Kd5 55. exd4 cxd4 56. Bg7 f4 57. Ng2 e3+ 58. Ke1 f3 59. Nf4+ Ke4 60. Bf6 Bb4+ 61. Kxd1 Kxf4 0-1

[Event "Hull CC ch B"]
[Site "Gatineau CAN"]
[Date "2005.02.15"]
[Round "2"]
[White "Scantland, Patrick"]
[Black "Libersan, Mattieu"]
[Result "0-1"]
[WhiteElo "1652"]
[BlackElo "1872"]
[PlyCount "56"]
[GameId "2160767911031337"]
[EventDate "2005.02.08"]
[EventType "swiss"]
[EventRounds "5"]
[EventCountry "CAN"]
[SourceTitle "EXT 2022"]
[Source "ChessBase"]
[SourceDate "2021.10.06"]
[SourceVersion "1"]
[SourceVersionDate "2021.10.06"]
[SourceQuality "1"]

1. Nf3 f5 2. g3 g6 3. Bg2 Bg7 4. O-O Nf6 5. d3 O-O 6. c4 d6 7. Nc3 e5 8. e4 fxe4 9. dxe4 Nc6 10. a3 Bg4 11. h3 Be6 12. b3 Qd7 13. Ng5 Nd4 14. Nxe6 Qxe6 15. Be3 Rae8 16. Rc1 c5 17. Bxd4 exd4 18. Nb5 Re7 19. Nxa7 Nxe4 20. Nb5 Qf6 21. Bxe4 Rxe4 22. Qc2 Qf3 23. Rce1 Rxe1 24. Rxe1 d3 25. Qd2 Bh6 26. Re3 Bxe3 27. Qxe3 Qxe3 28. fxe3 Rf3 0-1

[Event "Hull CC ch B"]
[Site "Gatineau CAN"]
[Date "2005.02.22"]
[Round "3"]
[White "Arsenault, Yves"]
[Black "Lacourse, Guy"]
[Result "0-1"]
[WhiteElo "1537"]
[BlackElo "1682"]
[PlyCount "48"]
[GameId "2160767911031338"]
[EventDate "2005.02.08"]
[EventType "swiss"]
[EventRounds "5"]
[EventCountry "CAN"]
[SourceTitle "EXT 2022"]
[Source "ChessBase"]
[SourceDate "2021.10.06"]
[SourceVersion "1"]
[SourceVersionDate "2021.10.06"]
[SourceQuality "1"]

1. e4 c5 2. Nf3 d6 3. Nc3 Nf6 4. Bc4 e6 5. d3 a6 6. a4 Be7 7. O-O O-O 8. Be3 d5 9. exd5 exd5 10. Bb3 d4 11. Ne2 dxe3 12. fxe3 Nc6 13. Nh4 Ng4 14. Rf3 Bxh4 15. Qf1 Nge5 16. Rf4 Bg5 17. Re4 Kh8 18. Rxe5 Nxe5 19. e4 Qc7 20. Ng3 Be3+ 21. Kh1 Ng4 22. Qf3 Bd4 23. c3 Nf2+ 24. Kg1 Bg4 0-1